000 00325nam a2200145Ia 4500
008 230718s9999 xx 000 0 und d
041 _aEng.
082 _a346.42
_bSHU-E
100 _aShukla M.c
245 0 _aElectricity laws
260 _aPakistan
_bS.CHAN COMPANY
_c1948
300 _a732
650 _aLaw
999 _c30270
_d30270